| 000 | 00493nam a2200205 a 4500 | ||
|---|---|---|---|
| 999 |
_c4903 _d4903 |
||
| 001 | 4903 | ||
| 003 | BD-JhCC | ||
| 005 | 20171206092850.0 | ||
| 008 | 171205s1982 b a|||| || | 000 0 b d | ||
| 035 | _a(BD-JhCC)4903 | ||
| 040 |
_aBD-JhCC _dBD-JhCC |
||
| 041 | _aben | ||
| 082 |
_a951 _bCHI 1982 |
||
| 245 | _aচীনের রুপরেখা / | ||
| 260 | _c1982. | ||
| 300 |
_a256 p. : _bill. ; _c18 cn. |
||
| 650 |
_aEconomic Condition _zChina |
||
| 942 |
_2ddc _cBK |
||